Progressively Harder Flags - Statistics

General Stats
  • This quiz has been taken 126 times
  • The average score is 10 of 16
Answer Stats
Picture Answer % Correct
Brazil
100%
India
100%
United States
100%
South Africa
97%
Montenegro
87%
Saint Lucia
86%
Ghana
83%
Rwanda
77%
Isle of Man
75%
Vanuatu
74%
Åland
49%
French Polynesia
36%
Martinique
22%
Extremadura
4%
Chittagong hill tracts
0%
Chuquisaca
0%
No matching quizzes found
Score Distribution
Percent of People with Each Score
Percentile by Number Answered
Your Score History
You have not taken this quiz